<?xml version="1.0" encoding="UTF-8"?>
<record
    xmlns:xsi="http://www.w3.org/2001/XMLSchema-instance"
    xsi:schemaLocation="http://www.loc.gov/MARC21/slim http://www.loc.gov/standards/marcxml/schema/MARC21slim.xsd"
    xmlns="http://www.loc.gov/MARC21/slim">

  <leader>00735nam a2200169   4500</leader>
  <controlfield tag="001">137969</controlfield>
  <controlfield tag="003">ES-MaACL</controlfield>
  <controlfield tag="005">20250929063205.0</controlfield>
  <controlfield tag="007">t|</controlfield>
  <controlfield tag="008">070214s1910    cu      r    ||||1| spa d</controlfield>
  <datafield tag="100" ind1="1" ind2=" ">
    <subfield code="a">S&#xE1;nchez de Fuentes, Fernando, </subfield>
    <subfield code="d">1871-1935</subfield>
    <subfield code="9">102578</subfield>
  </datafield>
  <datafield tag="245" ind1="1" ind2="3">
    <subfield code="a">La Ley Org&#xE1;nica del Poder Judicial y las leyes procesales </subfield>
    <subfield code="b">: discurso inaugural [de la Academia de Derecho de la Universidad de La Habana] de las sesiones de 1909 a 1910, y Memoria de los trabajos de dicha Academia en el curso anterior / </subfield>
    <subfield code="c">por Fernando S&#xE1;nchez de Fuentes.</subfield>
  </datafield>
  <datafield tag="260" ind1=" " ind2=" ">
    <subfield code="a">La Habana : </subfield>
    <subfield code="b">[s. n.], </subfield>
    <subfield code="c">1910 (</subfield>
    <subfield code="f">Imp. de Rambla y Bouza)</subfield>
  </datafield>
  <datafield tag="300" ind1=" " ind2=" ">
    <subfield code="a">54 p. ; </subfield>
    <subfield code="c">26 cm.</subfield>
  </datafield>
  <datafield tag="852" ind1=" " ind2=" ">
    <subfield code="a">ES-MaACL</subfield>
    <subfield code="j">T-1237-F-5</subfield>
  </datafield>
  <datafield tag="999" ind1=" " ind2=" ">
    <subfield code="c">137969</subfield>
    <subfield code="d">137969</subfield>
  </datafield>
  <datafield tag="952" ind1=" " ind2=" ">
    <subfield code="0">0</subfield>
    <subfield code="1">0</subfield>
    <subfield code="4">0</subfield>
    <subfield code="7">0</subfield>
    <subfield code="8">Colecci&#xF3;n_de_folletos</subfield>
    <subfield code="a">ATENEOM</subfield>
    <subfield code="b">ATENEOM</subfield>
    <subfield code="c">DEPOF</subfield>
    <subfield code="d">2008-01-17</subfield>
    <subfield code="e">SC</subfield>
    <subfield code="l">0</subfield>
    <subfield code="o">T-1237-F-5</subfield>
    <subfield code="p">1143569</subfield>
    <subfield code="r">2023-02-23 00:00:00</subfield>
    <subfield code="w">2023-02-23</subfield>
    <subfield code="y">FOLLETOS</subfield>
  </datafield>
</record>
